Statistics for NCAA Teams in Minnesota

Click here to take the quiz!

General Stats

  • This quiz has been taken 50 times
  • The average score is 13 of 30

Answer Stats

DivisionConferenceMascotAnswer% Correct
Division IBig TenGolden GophersMinnesota
100%
Division IIIMinnesotaTommiesSt. Thomas
73%
Division IINorthern SunBulldogsMinnesota – Duluth
70%
Division IINorthern SunHuskiesSt. Cloud State
70%
Division IINorthern SunMavericksMinnesota State
70%
Division IIIMinnesotaOlesSt. Olaf
64%
Division IIIMinnesotaJohnniesSt. John's
61%
Division IINorthern SunBeaversBemidji State
58%
Division IINorthern SunGolden BearsCSP
55%
Division IIIMinnesotaCobbersConcordia College
55%
Division IINorthern SunWarriorsWinona State
52%
Division IINorthern SunDragonsMSU Moorhead
48%
Division IIIMinnesotaAuggiesAugsburg
45%
Division IIIMinnesotaPipersHamline
42%
Division IIIMinnesotaGustiesGustavus Adolphus
42%
Division IINorthern SunMustangsSMSU
42%
Division IIIMinnesotaKnightsCarleton
42%
Division IIIMinnesotaRoyalsBethel
39%
Division IIIUpper MidwestCougarsMinnesota – Morris
39%
Division IIIMinnesotaCardinalsSt. Mary's
36%
Division IINorthern SunGolden EaglesMinnesota – Crookston
36%
Division IIIMinnesotaScotsMacalester
30%
Division IIIUpper MidwestEaglesUNW
27%
Division IIIMinnesotaWildcatsSt. Catherine
27%
Division IIIUpper MidwestSaintsSt. Scholastica
27%
Division IIIMinnesotaBlazersSt. Benedict
24%
Division IIIUpper MidwestVikingsBethany
15%
Division IIIUpper MidwestRamsNorth Central
12%
Division IIIUpper MidwestKnightsMartin Luther
9%
Division IIIUpper MidwestStormCrown
9%

Score Distribution

Percentile by Number Answered

Percent of People with Each Score

Your Score History

You have not taken this quiz